Cluster analysis

Uloženo v:
Podrobná bibliografie
Hlavní autoři: Everitt, Brian S (Autor), Landau, Sabine (Autor), Leese, Morven (Autor), Stahl, Daniel (Autor)
Médium: Kniha
Jazyk:angličtina
Vydáno: Oxford John Wiley and Sons Ltd., Publication 2011
Vydání:5a. ed
Edice:Wiley Series in Probability and Statistics
Témata:
Tagy: Přidat tag
Žádné tagy, Buďte první, kdo vytvoří štítek k tomuto záznamu!

MARC

LEADER 00000cam a2200000 a 4500
001 UCE5192
003 CL-VaPUC
008 141211e20110000uk |||||||||||||||||eng|d
020 |a 9780470749913 
082 0 4 |a 519.535  |b EVE  |2 21 
100 0 |a Everitt, Brian S  |e author  |9 577684 
700 0 |a Landau, Sabine  |e author  |9 577685 
700 0 |a Leese, Morven  |e author  |9 577686 
700 0 |a Stahl, Daniel  |e author  |9 577687 
245 1 0 |a Cluster analysis 
250 |a 5a. ed 
300 |a 330 p 
942 |c BK 
945 |d 20141211 14:14:00  |a dcastane 
260 |a Oxford  |b John Wiley and Sons Ltd., Publication  |c 2011 
650 0 |a Métodos estadísticos   |9 259407 
650 0 |a Análisis de datos  |9 269871 
650 7 |a CLUSTER  |2 CL-VaPUC  |9 577688 
583 |a last modification  |c 20141211 14:14:00  |k Rodrigo Vera 
490 0 |a Wiley Series in Probability and Statistics 
999 |c 357954  |d 357952 
952 |0 0  |1 0  |3 erd  |4 0  |6 519_535000000000000_EVE_2011  |7 0  |8 A  |9 466142  |a BIBGIM  |b BIBGIM  |i 5129672  |o 519.535 EVE 2011  |p 5129672  |r 2025-01-15  |w 2019-11-23  |y BK  |z Catalogado en:20141211  |k EST 
952 |0 0  |1 0  |3 erd  |4 0  |6 519_535000000000000_EVE_2011  |7 0  |8 A  |9 466143  |a BIBGIM  |b BIBGIM  |i 5258561  |o 519.535 EVE 2011  |p 5258561  |r 2025-01-15  |w 2019-11-23  |y BK  |z Catalogado en:20151231  |k EST 
952 |0 0  |1 0  |3 erd  |4 0  |6 519_535000000000000_EVE_2011  |7 0  |8 A  |9 466144  |a BIBGIM  |b BIBGIM  |i 5258553  |o 519.535 EVE 2011  |p 5258553  |r 2025-01-15  |w 2019-11-23  |y BK  |z Catalogado en:20151231  |k EST